000 00655nam a2200205 u 4500
001 000002854
005 20200929150254.0
008 090704s19uu dr r 000 0 spa d
040 _aDO-SdBNP
_bspa
_cBNPHU
082 _a174.9574
_bG633c
100 1 _aGómez Montero, Franklin
_99049
245 1 0 _aCuaderno de prácticas de bioética /Franklin Gómez Montero ; Héctor Antonio Madera Rosario.
260 _aSanto Domingo :
_bBúho,
_c19??
300 _a46p ;
_c23cm.
500 _aIncluye datos biográficos
650 4 _aBioética
_9236
650 4 _aCiencia de la vida
_99050
700 1 _aMadera Rosario, Héctor Antonio
_99051
049 _aEn proceso
999 _c2688
_d2688